Catálogo
 En Linea

Formación integral humana 4 : educación media / (Registro nro. 48991)

Detalles MARC
000 -CABECERA
campo de control de longitud fija 01044nam a22002897a 4500
003 - IDENTIFICADOR DEL NÚMERO DE CONTROL
campo de control OSt
005 - FECHA Y HORA DE LA ÚLTIMA TRANSACCIÓN
campo de control 20220531084004.0
008 - DATOS DE LONGITUD FIJA--INFORMACIÓN GENERAL
campo de control de longitud fija 201030e2011 dr ab||b i||| 00| 0 spa d
020 ## - NÚMERO INTERNACIONAL ESTÁNDAR DEL LIBRO
Número Internacional Estándar del Libro 978-9945-12-268-8
040 ## - FUENTE DE LA CATALOGACIÓN
Centro catalogador/agencia de origen DO-SdBNP
Lengua de catalogación spa
Centro/agencia transcriptor BNPHU
041 01 - CÓDIGO DE LENGUA
Código de lengua original spa
082 ## - NÚMERO DE LA CLASIFICACIÓN DECIMAL DEWEY
Número de clasificación xxx.
Número de documento/Ítem F723h
240 ## - TÍTULO UNIFORME
Título uniforme [Religión.]
245 ## - MENCIÓN DE TÍTULO
Título Formación integral humana 4 : educación media /
260 ## - PUBLICACIÓN, DISTRIBUCIÓN, ETC.
Lugar de publicación, distribución, etc. Santo Domingo :
Nombre del editor, distribuidor, etc. Susaeta , Grupo Edebé ,
Fecha de publicación, distribución, etc. 2011 .
300 ## - DESCRIPCIÓN FÍSICA
Extensión 112 pg. ;
Dimensiones 26 cm .
490 1# - MENCIÓN DE SERIE
Mención de serie Buscando a Jesús ;
Designación de volumen o secuencia 4 educació media
500 ## - NOTA GENERAL
Nota general Título original: religión
505 ## - NOTA DE CONTENIDO CON FORMATO
Nota de contenido con formato - Conecta T: Una visita enriquecedora.-<br/>- Conecta T: soy Agustín de Hipono
505 ## - NOTA DE CONTENIDO CON FORMATO
Nota de contenido con formato 3.- La iglesia se extiende por Europa (págs. 42-53).-
505 ## - NOTA DE CONTENIDO CON FORMATO
Nota de contenido con formato - Conecta T: soy Teresa de Jesús.-
505 ## - NOTA DE CONTENIDO CON FORMATO
Nota de contenido con formato 6- La iglesia de los humildes (págs. 66-77).-
505 ## - NOTA DE CONTENIDO CON FORMATO
Nota de contenido con formato 7.- Una luz en la oscuridad (págs. 78-89).-
505 ## - NOTA DE CONTENIDO CON FORMATO
Nota de contenido con formato 8.- La iglesia en el mundo de hoy (págs. 90-101).
830 ## - PUNTO DE ACCESO ADICIONAL DE SERIE-TÍTULO UNIFORME
Número de parte o sección de la obra 4 educación media.
9 (RLIN) 77076
942 ## - ELEMENTOS DE PUNTO DE ACCESO ADICIONAL (KOHA)
Fuente del sistema de clasificación o colocación Dewey Decimal Classification
Tipo de ítem Koha Libro
Existencias
Estado de retiro Estado de pérdida Fuente del sistema de clasificación o colocación Restricciones de uso No para préstamo Código de colección Localización permanente Ubicación/localización actual Ubicación en estantería Fecha de adquisición Fuente de adquisición Total de préstamos Signatura topográfica completa Fecha visto por última vez Precio válido a partir de Tipo de ítem Koha
    Dewey Decimal Classification Excluido de préstamo Excluido de préstamo Monografías: Libros y Folletos Patrimonio Dominicano Patrimonio Dominicano Depósito 20.08.2018 Donado por Nelson Aquino   xxx. F723h 30.10.2020 30.10.2020 Libro

Con tecnología Koha